000 00242nam a2200097Ia 4500
008 190216s9999||||xx |||||||||||||| ||und||
100 _aLloyd N Frengason
245 0 _aText Book Of Organic Chemistry
260 _bD -van Nostrand Co.
942 _cBK
999 _c1933
_d1933